In the shadow of empire: Global Britain and the UK business school (Record no. 514586)

000 -LEADER
fixed length control field 01357nam a22001577a 4500
008 - FIXED-LENGTH DATA ELEMENTS--GENERAL INFORMATION
fixed length control field 201120b ||||| |||| 00| 0 eng d
100 ## - MAIN ENTRY--PERSONAL NAME
Personal name Boussebaa, Mehdi.
245 ## - TITLE STATEMENT
Title In the shadow of empire: Global Britain and the UK business school
260 ## - PUBLICATION, DISTRIBUTION, ETC. (IMPRINT)
Place of publication, distribution, etc Organization
300 ## - PHYSICAL DESCRIPTION
Extent 27(3), May, 2020: p.483-493
520 ## - SUMMARY, ETC.
Summary, etc In this essay, I scrutinize the ‘Global Britain’ project championed by the UK government since the Brexit vote and reflect on the role played by business schools in it. My argument is twofold. First, I contend the project is bound up with British imperialism, being at once the expression of a melancholic attachment to the colonial Empire of yesteryear and part of a long-standing effort to renew Britain’s imperial greatness in the so-called ‘postcolonial’ era. Second, I maintain that business schools, while notionally anti-Brexit, are complicit in the Global Britain project by virtue of propagating elements of its imperialist discourse. I conclude with some reflections on our role as scholars and educators in fostering debate on this project and challenging its imperialist underbelly. – Reproduced
650 ## - SUBJECT ADDED ENTRY--TOPICAL TERM
Topical term or geographic name as entry element Brexit, Free trade, Global Britain, Globalization, Imperialism, Postcolonial melancholia
9 (RLIN) 19350
773 ## - HOST ITEM ENTRY
Main entry heading Organization
906 ## - LOCAL DATA ELEMENT F, LDF (RLIN)
Subject DIP EUROPEAN UNION - GREAT BRITAIN
942 ## - ADDED ENTRY ELEMENTS (KOHA)
Item type Articles
Holdings
Withdrawn status Lost status Source of classification or shelving scheme Damaged status Not for loan Permanent location Current location Date acquired Serial Enumeration / chronology Barcode Date last seen Koha item type
          Indian Institute of Public Administration Indian Institute of Public Administration 2020-11-20 27(3), May, 2020: p.483-493 AR123578 2020-11-20 Articles

Powered by Koha